MARC details
| 000 -CABECERA |
| campo de control de longitud fija |
01796nam a2200373 a 4500 |
| 001 - NÚMERO DE CONTROL |
| campo de control |
000021845 |
| 003 - IDENTIFICADOR DEL NÚMERO DE CONTROL |
| campo de control |
DO-SdBNP |
| 005 - FECHA Y HORA DE LA ÚLTIMA TRANSACCIÓN |
| campo de control |
20240619085926.0 |
| 008 - DATOS DE LONGITUD FIJA--INFORMACIÓN GENERAL |
| campo de control de longitud fija |
100913t2005 dr acd 001 0 spa d |
| 020 ## - NÚMERO INTERNACIONAL ESTÁNDAR DEL LIBRO |
| Número Internacional Estándar del Libro |
9993494046 |
| 040 ## - FUENTE DE LA CATALOGACIÓN |
| Centro catalogador/agencia de origen |
DO-SdBNP |
| Lengua de catalogación |
spa |
| Centro/agencia transcriptor |
BNPHU |
| 082 #4 - NÚMERO DE LA CLASIFICACIÓN DECIMAL DEWEY |
| Número de clasificación |
304.87293052 |
| Número de documento/Ítem |
P376c |
| Número de edición |
22 |
| 100 1# - ENTRADA PRINCIPAL--NOMBRE DE PERSONA |
| Nombre de persona |
Peguero, Valentina |
| 9 (RLIN) |
45358 |
| 245 10 - MENCIÓN DE TÍTULO |
| Título |
Colonización y política : |
| Resto del título |
los japoneses y otros inmigrantes en la República Dominicana / |
| Mención de responsabilidad, etc. |
Valentina Peguero ; prólogo Danilo de los Santos. |
| 260 ## - PUBLICACIÓN, DISTRIBUCIÓN, ETC. |
| Lugar de publicación, distribución, etc. |
Santo Domingo : |
| Nombre del editor, distribuidor, etc. |
Alfa y Omega, |
| Fecha de publicación, distribución, etc. |
2005. |
| 300 ## - DESCRIPCIÓN FÍSICA |
| Extensión |
307 p. : |
| Otras características físicas |
il., gráf., mapas, retrs. ; |
| Dimensiones |
23 cm. |
| 490 1# - MENCIÓN DE SERIE |
| Mención de serie |
Banreservas |
| 490 1# - MENCIÓN DE SERIE |
| Mención de serie |
Historia |
| Designación de volumen o secuencia |
1 |
| 500 ## - NOTA GENERAL |
| Nota general |
Incluye notas al pie de páginas e índices de cuadros y de mapas. |
| 500 ## - NOTA GENERAL |
| Nota general |
Incluye datos biográficos de la autora en las solapas. |
| 500 ## - NOTA GENERAL |
| Nota general |
Incluye índice onomástico. |
| 504 ## - NOTA DE BIBLIOGRAFÍA, ETC. |
| Nota de bibliografía, etc. |
Bibliografías : p. 295-301 |
| 505 ## - NOTA DE CONTENIDO CON FORMATO |
| Nota de contenido con formato |
Diáspora asiática en América Latina y el Caribe: inmigración japonesa y policía migratoria dominicana -- Los primeros inmigrantes japoneses a la República Dominicana -- Horticultores, pescadores y cafetaleros -- Cultura y agricultura, educación y política -- Éxodo de las colonias : quejas, protestas y demandas -- Interacción, aculturación, simbiosis |
| 590 ## - NOTA LOCAL (RLIN) |
| Nota local |
Inventariado, 2018/VM |
| 650 #4 - PUNTO DE ACCESO ADICIONAL DE MATERIA--TÉRMINO DE MATERIA |
| Término de materia o nombre geográfico como elemento de entrada |
Inmigrantes |
| Subdivisión geográfica |
República Dominicana |
| Subdivisión general |
Historia |
| 9 (RLIN) |
85680 |
| 651 #4 - PUNTO DE ACCESO ADICIONAL DE MATERIA--NOMBRE GEOGRÁFICO |
| Nombre geográfico |
República Dominicana |
| Subdivisión general |
Emigración e inmigración |
| 9 (RLIN) |
290 |
| 651 #4 - PUNTO DE ACCESO ADICIONAL DE MATERIA--NOMBRE GEOGRÁFICO |
| Nombre geográfico |
Japoneses en República Dominicana |
| 9 (RLIN) |
45359 |
| 651 #4 - PUNTO DE ACCESO ADICIONAL DE MATERIA--NOMBRE GEOGRÁFICO |
| Nombre geográfico |
República Dominicana |
| Subdivisión general |
Población extranjera |
| 9 (RLIN) |
35156 |
| 700 1# - PUNTO DE ACCESO ADICIONAL--NOMBRE DE PERSONA |
| Nombre de persona |
Santos, Danilo de los, |
| Fechas asociadas al nombre |
1943-2018 |
| Término indicativo de función/relación |
pról. |
| 9 (RLIN) |
10278 |
| 830 #0 - PUNTO DE ACCESO ADICIONAL DE SERIE-TÍTULO UNIFORME |
| Título uniforme |
Banreservas |
| 9 (RLIN) |
9258 |
| 830 #0 - PUNTO DE ACCESO ADICIONAL DE SERIE-TÍTULO UNIFORME |
| Título uniforme |
Historia |
| Número de parte o sección de la obra |
1 |
| 9 (RLIN) |
45360 |
| 910 ## - DATOS DE OPCIÓN DEL USUARIO (OCLC) |
| Datos de opción del usuario |
Validado. Control de calidad EMS |
| 942 ## - ELEMENTOS DE PUNTO DE ACCESO ADICIONAL (KOHA) |
| Fuente del sistema de clasificación o colocación |
Dewey Decimal Classification |
| Tipo de ítem Koha |
Libro |